|
|
แสดงรายละเอียดบรรณานุกรม |
|
|
Brief Record
: Get Marc (ISO 2709)
: E-mail record
: |
|
|
| LEADER 00000nam 2200000uu 4500 | |||
| 001 210809 | |||
| 003 ULIBM | |||
| 008 020711s2013 th a 000 0 eng d | |||
| 020 978-1-4462-5229-1 | |||
| 041 ^aeng | |||
| 060 4 WY20.5 B167 2013 | |||
| 100 Barker, Janet. | |||
| 245 Evidence-based practice for nurses/^cJanet Barker. | |||
| 250 2nd ed. | |||
| 260 London :^bSsage,^c2013. | |||
| 300 viii,199 p. :^bill ;^c24 cm. | |||
| 650 4 Evidence-based nursing | |||
| 999 ^aใช้งานได้ทุกระบบ | |||
| คุณยังไม่ได้ล็อกอิน คุณสามารถมีกิจกรรมร่วมกับเว็บไซต์ได้ แต่ต้องล็อกอินก่อน :: |
|
| สถานะ | |||||||||
| 1. | หนังสือทั่วไป | WY20.5 B167 2013 c.1 | On Shelf ขอยืม | ||||||
| Note:ปีงบประมาณ 2558 | |||||||||
| [แสดง 1/1 รายการ] | |||||||||
| รายการใกล้เคียง หัวเรื่อง [Evidence-based nursing]
|
BibComment |
| คอมเมนท์ทรัพยากรรายการนี้ |
|
|